Statistics for Glee Trivia Quiz (New)

Click here to take the quiz!

General Stats

  • This quiz has been taken 779 times
  • The average score is 7 of 16

Answer Stats

HintAnswer% Correct
Santana solo referencing Sam's mouthTrouty Mouth
78%
Acapella band consisting of Will, Henri, Howard and KenAcafellas
76%
Tina pretended to be this so that she could get her goth style backVampire
72%
Dance teacher at NYADACassandra
66%
Ex-husband of Emma PillsburyCarl Howell
60%
Journey song performed twice in season 1Don't Stop Believin'
59%
Perverted ex-glee coachSandy Ryerson
55%
Mike's first soloSing
47%
Secret occupation of Brody WestonMale prostitute
45%
Mercedes' audition songRespect
45%
Irish exchange studentRory Flanagan
40%
Product advertised in the Mumbai Airlines commercial Figgins appeared inStockings
28%
All female glee club formed in I Am UnicornThe Troubletones
28%
Season 4 love interest for KurtAdam
24%
Name of Kurt's boyfriend pillowBruce
11%
Flower given to Quinn for promGardenia
7%

Score Distribution

Percentile by Number Answered

Percent of People with Each Score

Your Score History

You have not taken this quiz